LIBRARY ONLINE CATALOGUE

Publication manual of the American Psychological Association. (Record no. 20505)

MARC details
000 -LEADER
fixed length control field 00780cam a22002412 4500
001 - CONTROL NUMBER
control field 0000019616
003 - CONTROL NUMBER IDENTIFIER
control field OSt
005 - DATE AND TIME OF LATEST TRANSACTION
control field 20240725094916.0
008 - FIXED-LENGTH DATA ELEMENTS--GENERAL INFORMATION
fixed length control field 110113s xx 000 0 eng d
020 ## - INTERNATIONAL STANDARD BOOK NUMBER
International Standard Book Number 9781433832161
040 ## - CATALOGING SOURCE
Original cataloging agency KABU
Transcribing agency KABU
050 ## - LIBRARY OF CONGRESS CALL NUMBER
Classification number BF76.7 .P83 2020
245 10 - TITLE STATEMENT
Title Publication manual of the American Psychological Association.
250 ## - EDITION STATEMENT
Edition statement 7th ed.
260 ## - PUBLICATION, DISTRIBUTION, ETC. (IMPRINT)
Place of publication, distribution, etc. Washington, D. C. :
Name of publisher, distributor, etc. American Psychological Association,
Date of publication, distribution, etc. 2020
300 ## - PHYSICAL DESCRIPTION
Extent xxii, 427p.
650 #0 - SUBJECT ADDED ENTRY--TOPICAL TERM
Topical term or geographic name as entry element Psychology
General subdivision Authorship
-- Handbooks, manuals, etc.
650 #0 - SUBJECT ADDED ENTRY--TOPICAL TERM
Topical term or geographic name as entry element Psychological literature
General subdivision Publishing
-- Handbooks, manuals, etc.
710 2# - ADDED ENTRY--CORPORATE NAME
Corporate name or jurisdiction name as entry element American Psychological Association.
908 ## - PUT COMMAND PARAMETER (RLIN)
Put command parameter 110113
942 ## - ADDED ENTRY ELEMENTS (KOHA)
Source of classification or shelving scheme Library of Congress Classification
Koha item type General Collection
Holdings
Withdrawn status Lost status Source of classification or shelving scheme Not for loan Home library Current library Date acquired Cost, normal purchase price Inventory number Total Checkouts Full call number Barcode Date last seen Date last checked out Copy number Price effective from Koha item type
    Library of Congress Classification   Kabarak, Main Campus Kabarak, Main Campus 25/07/2024 7281.00 2024/0603 1 BF76.7 .P83 2020 c.1 34027 06/05/2026 02/04/2026 C.1 25/07/2024 General Collection
    Library of Congress Classification   Kabarak, Main Campus Kabarak, Main Campus 25/07/2024 7281.00 2025/2005   BF76.7 .P83 2020 c.2 33513 31/01/2025   C.2 25/07/2024 General Collection
    Library of Congress Classification   Kabarak, Main Campus Kabarak, Main Campus 25/07/2024 7281.00 2025/2005   BF76.7 .P83 2020 c.3 33514 31/01/2025   C.3 25/07/2024 General Collection